000 00843nam a2200265 a 4500
003 CO-ViMGA
005 20230915233137.0
008 080910s2008 sp gr 00010dspa d
020 _a9788498380811
040 _aCO-ViMGA
_bspa
_cCO-ViMGA
041 1 _hger
043 _ae-gx---
082 0 4 _a833.91
_bS91o
_221
100 1 _aSwann, Leonie,
_d1975-
_93810
245 1 4 _aLas ovejas de Glennkill /
_cLeonie Swann ; traducción del alemán de María José Díez y Diego Friera.
260 3 _aBarcelona :
_bSalamandra,
_c2008.
300 _a311 p. ;
_c23 cm.
534 _pTítulo original :
_tGlennkill.
650 1 4 _aNovela alemana.
_93231
650 6 _aNovela humorística.
_92035
650 6 _aNovela policíaca.
_92434
700 1 _aDíez, María José,
_etr.
_93811
700 1 _aFriera, Diego,
_etr.
_93812
942 _2ddc
_cBK
999 _c35602
_d35602